000 00670nas a2200241 4500
001 BR7306081
003 BR-BrBNA
005 20231205082556.0
007 ta
008 230509b bl.|||p| |||| 00| 00por d
040 _aBR-BrBNA
_bpor
_cBiblioteca Nacional de Agricultura
041 _a(Pt)
072 _aF25
100 1 _aAnon.
245 1 _aAdubacao de arbustos e arvores ornamentais
650 _aNUTRICAO VEGETAL
650 _aADUBACAO
650 _aPLANTA ORNAMENTAL
650 _aARVORE ORNAMENTAL
773 0 _tLavoura (Brazil)
_xISSN 0023-9135
_g(Jan 1976), v. 79 p. 26-27
_wBR7306081
909 _a202311
_bLúcia
_c55
_dLúcia Elande
942 _2AGRIS
_n0
_cANA
999 _c92931
_d92931